000 00609nam a2200169 a 4500
008 120416s1990 ||||||||||||||||| || u
020 _a0821316974
050 _aIBRD(08)TP/103
100 _aKiss, Agnes
245 1 0 _aLiving with wildlife
246 _awild life resource management with local participation in Africa
260 _aWashington, D.C.
_bWorld Bank
_c1990
300 _axi, 217p. : ill.
350 _a0.00
650 _aWILDLIFE MANAGEMENT--AFRICA
995 _D0.00
_FCBU-MAIN LIBRARY (Kitwe)
_H1
_I0.00
_UAVAILABLE
_ZInternational Publications
999 _c49409
_d49409